Cartas de ida y de vuelta: Joaquín Edwards Bello
Guardat en:
| Autor principal: | |
|---|---|
| Format: | Llibre |
| Idioma: | espanyol |
| Publicat: |
Santiago
Universidad Diego portales
2010
|
| Edició: | 1a. ed |
| Matèries: | |
| Etiquetes: |
Afegir etiqueta
Sense etiquetes, Sigues el primer a etiquetar aquest registre!
|
MARC
| LEADER | 00000cam a2200000 a 4500 | ||
|---|---|---|---|
| 001 | UCG8706 | ||
| 003 | CL-VaPUC | ||
| 008 | 111223e20100800CL |||||||||||||||||spa|d | ||
| 020 | |a 9789563141016 | ||
| 082 | 0 | 4 | |a Ch866 |b BEN |2 21 |
| 100 | 0 | |a Benadava Cattán, Salvador |e author |9 559822 | |
| 245 | 1 | 0 | |a Cartas de ida y de vuelta: Joaquín Edwards Bello |
| 250 | |a 1a. ed | ||
| 300 | |a 523 p | ||
| 942 | |c BK | ||
| 945 | |d 20111223 00:00:00 |a dcastane | ||
| 260 | |a Santiago |b Universidad Diego portales |c 2010 | ||
| 650 | 0 | |a Cartas |9 321777 | |
| 650 | 7 | |a EPISTOLARIO |2 CL-VaPUC |9 321776 | |
| 650 | 0 | |a Literatura chilena |9 308278 | |
| 650 | 0 | |a Biografías |9 255210 | |
| 583 | |a last modification |c 20111227 11:42:12 |k Rodrigo Vera | ||
| 999 | |c 346304 |d 346302 | ||
| 952 | |0 0 |1 0 |4 0 |6 CH_866_000000000000000_BEN_2010 |7 0 |8 A |9 446954 |a BIBART |b BIBART |d 2019-11-22 |i 4817915 |o Ch866 BEN 2010 |p 4817915 |r 2025-03-13 |w 2019-11-22 |y BK |k ART | ||
| 952 | |0 0 |1 0 |4 0 |6 CH_866_000000000000000_BEN_2010 |7 0 |8 A |9 446955 |a FDOPOS |b FDOPOS |d 2019-11-22 |i 4814207 |o Ch866 BEN 2010 |p 4814207 |r 2023-08-09 |w 2019-11-22 |y BK |k DLH | ||